000 01591cam a22004454i 4500
003 PE-LiUPU
005 20250731173057.0
008 150623s1999 maua r 000 0 eng d
020 _a1565635221
035 _a(Sirsi) i9781565635227
040 _aPE-LiUPU
_bspa
_cPE-LiUPU
_erda
049 _aPRUA
082 0 4 _a270.1
_bG69
_221
100 1 _aGonzáles, Justo L.,
_eautor.
245 1 4 _aThe story of christianity /
_cJusto L. Gonzáles.
264 1 _aPeabody, Massachusetts :
_bPrince Press,
_c1999.
300 _a414 páginas :
_bilustraciones, gráficos, fotos, mapas ;
_c24 centímetros
336 _atext
_2rdacontent
337 _aunmediated
_2rdamedia
338 _avolume
_2rdacarrier
505 0 _aThe early church -- The imperial church -- Medieval christianity -- The beginnins of colonial christianity -- Maps.
526 _aSEG42
526 _aSEG41
526 _aSEG40
526 _aSEG39
526 _aP94
526 _aP87
526 _aP86
526 _aP85
526 _aP77
526 _aP76
526 _aP35
650 0 4 _aIglesia
_xHistoria
_yPeríodo primitivo, cA. 30-600.
942 _2ddc
_cBOOK
949 _a270.1 G69
_wDEWEY
_c1
_i48647
_d2016-8-11
_e2016-8-11
_lCCODEBUL1
_mBUL
_n2
_r0
_sY
_tBOOK
_u2015-6-24
_xTEOLOGIA
_PP35
_0COMPRA
_o.STAFF. Colección Teología
994 _aC0
_bPEPRU
596 _a1
999 _a270.1 G69
_wDEWEY
_c27820
_i48647
_d27820
_e2017-9-20
_f2021-11-11
_g5
_lCCODEBUL1
_mBUL
_n3
_p40.00
_q6
_r0
_sY
_tBOOK
_u2015-6-24
_xTEOLOGIA
_PP35
_0COMPRA
_o.STAFF. Colección Teología
980 _81
_gALBERTO SANCHEZ Responsable de Automatización